000 00301nam a2200145Ia 4500
100 _aNilsson/J.W.
250 _a5
942 _cBK
654 _aCircuits
245 _aElectric circuit
260 _bAddison Wesly
_aNew Delhi
_c1996
082 _a621.3192
_bNIL
300 _a983
546 _aENGLISH
999 _c23492
_d23492